000 00579nam a2200217Ia 4500
003 OSt
005 20230501114340.0
008 210423s2014 xx 000 0 und d
020 _a978-93-83028-50-4
040 _cAL
041 _aeng
082 _a382
_223
_bVERF
100 _aVERMA (G P)
_995561
245 _aForeign trade and exchange rate policy
260 _aNew Delhi
_bAdvance learner press
_c2014
300 _a223
_bHB
365 _b850
_cINR
650 _aInternational Trade
_995562
906 _aexchange ; Foreign ; policy ; rate ; trade
942 _2ddc
_cBK
999 _c170529
_d170529